Kong jiao wai lun /
Saved in:
| Other Authors: | |
|---|---|
| Format: | Book |
| Language: | Chinese |
| Published: |
[n.p. :
Zhongguo ru fo he yi jiu jie hui yin,
n.d.]
|
| Subjects: | |
| Tags: |
Add Tag
No Tags, Be the first to tag this record!
|
| LEADER | 00673cam a2200205ui 4500 | ||
|---|---|---|---|
| 001 | 007740343-6 | ||
| 005 | 20024617112705.0 | ||
| 008 | 980317nuuuuuuuuxx 000 0 chi d | ||
| 035 | 0 | |a ocm38732994 | |
| 040 | |a *YNH* |c *YNH* |d CStRLIN | ||
| 245 | 0 | 0 | |6 880-01 |a Kong jiao wai lun / |c [Mei] Li Jiabai deng zhu. |
| 260 | |6 880-02 |a [n.p. : |b Zhongguo ru fo he yi jiu jie hui yin, |c n.d.] | ||
| 300 | |a 2, 53, 2, 7 double |. ; |c 25 cm. | ||
| 650 | 0 | |a Confucianism. | |
| 700 | 0 | |6 880-03 |a Lijiabai. | |
| 880 | 0 | 0 | |6 245-01 |a 孔教外論 / |c [美] 李佳白等著. |
| 880 | |6 260-02 |a [n.p. : |b 中國儒佛合一救刦會印, |c n.d.] | ||
| 880 | 0 | |6 700-03 |a 李佳白. | |
| 988 | |a 20021121 | ||
| 906 | |0 MH | ||


